1126 1064 1727 1301 1329 1736 1857 1188 1069 1248 1743 1637 1749 1427 1195 1312 1336 1329 1333 1764 1995 1661 1903 1587 1807 1648 1375 1663 1183 1756 1918 1700 1445 1315 1659 1441 1579 1504 1952 1454 1927 1308 1387 1426 1060 1949 1250 1231 1677 1474 1627 1989 1017 1688 1585 1728 1245 1814 1007 1202 1422 1046 1799 1368 1826 1810 1758 1658 1291 1745 1489 1387 1508 1366 1440 1584 1719 1533 1908 1993 1744 1185 1600 1276 1189 1767 1493 1413 1354 1517 1347 1655 1731 1584 1089 1372 1378 1334 1400 BCNSPRNW ULIB Ver.6.0+V

เปลี่ยนเป็นภาษาไทย

Change to English
 แสดงรายละเอียดบรรณานุกรม
  กลับหน้าหลัก

Brief Record : Get Marc (ISO 2709) : E-mail record : QR code < ปิดหน้าต่าง
LEADER : 00000nam 2200000uu 4500
001    13399122198
003     ULIB
008    130109s2555||||th 000 0 tha d
020    ^a9789747531954
060  4 ^aWP610^bอ143
100 0  ^aอติวุทธ กมุทมาศ
245 10 ^aนรีเวชวิทยาในหญิงที่เปลี่ยนเพศจากชาย =^bFemale transsexualgynecology/^c[ผู้นิพนธ์] อติวุทธ กมุทมาศ
246 31 ^aFemale transsexual gynecology
250    ^aพิมพ์ครั้งแรก
260    ^aกรุงเทพฯ :^bยูเนี่ยน ครีเอชั่น,^c2555
300    ^aก-ฏ, 80 หน้า :^bภาพประกอบ
650  7 ^aการแปลงเพศ^xแง่สรีรวิทยา
650  7 ^aอวัยวะสืบพันธุ์^xศัลยกรรม
650  7 ^aผู้แปลงเพศ^xการตรวจสุขภาพ
650  7 ^aผู้แปลงเพศ^xแง่สรีรวิทยา
945    ^p150^l0^i19659
945    ^p150^l0^i24939
945    ^p150^l0^i24940
945    ^p150^l0^i24941
945    ^p150^l0^i24942
945    ^p150^l0^i24943
995    ^aกัณชพร
999    ^aกัณชพร
รายการนี้ยังไม่มีแท็ก
คุณยังไม่ได้ล็อกอิน คุณสามารถมีกิจกรรมร่วมกับเว็บไซต์ได้ แต่ต้องล็อกอินก่อน ::
  ล็อกอิน

รายการสื่อสารสนเทศ

ลำดับที่ ประเภท เลขเรียก/บาร์โค้ด สถานที่ สถานะ
1. วิทยาศาสตร์การแพทย์ และสุขภาพ
วิทยาศาสตร์การแพทย์ และสุขภาพ
สถานะ=หนังสือเก่า
WP610 อ143  
  Barcode: 19659
ห้องสมุดวิทยาเขตนครสวรรค์
►ส่วนจัดเก็บหนังสือเก่า นว.
บนชั้น
  ขอยืม
2. วิทยาศาสตร์การแพทย์ และสุขภาพ
วิทยาศาสตร์การแพทย์ และสุขภาพ
สถานะ=หนังสือเก่า
WP610 อ143 ฉ.2 
  Barcode: 24939
ห้องสมุดวิทยาเขตนครสวรรค์
►ส่วนจัดเก็บหนังสือเก่า นว.
บนชั้น
  ขอยืม
3. วิทยาศาสตร์การแพทย์ และสุขภาพ
วิทยาศาสตร์การแพทย์ และสุขภาพ
สถานะ=หนังสือเก่า
WP610 อ143 ฉ.3 
  Barcode: 24940
ห้องสมุดวิทยาเขตนครสวรรค์
►ส่วนจัดเก็บหนังสือเก่า นว.
บนชั้น
  ขอยืม
4. วิทยาศาสตร์การแพทย์ และสุขภาพ
วิทยาศาสตร์การแพทย์ และสุขภาพ
สถานะ=หนังสือเก่า
WP610 อ143 ฉ.4 
  Barcode: 24941
ห้องสมุดวิทยาเขตนครสวรรค์
►ส่วนจัดเก็บหนังสือเก่า นว.
บนชั้น
  ขอยืม
5. วิทยาศาสตร์การแพทย์ และสุขภาพ
วิทยาศาสตร์การแพทย์ และสุขภาพ
สถานะ=หนังสือเก่า
WP610 อ143 ฉ.5 
  Barcode: 24942
ห้องสมุดวิทยาเขตนครสวรรค์
►ส่วนจัดเก็บหนังสือเก่า นว.
บนชั้น
  ขอยืม
6. วิทยาศาสตร์การแพทย์ และสุขภาพ
วิทยาศาสตร์การแพทย์ และสุขภาพ
สถานะ=หนังสือเก่า
WP610 อ143 ฉ.6 
  Barcode: 24943
ห้องสมุดวิทยาเขตนครสวรรค์
►ส่วนจัดเก็บหนังสือเก่า นว.
บนชั้น
  ขอยืม

รายการใกล้เคียง
    ผู้แต่ง [อติวุทธ กมุทมาศ]

BibComment


ยังไม่เคยถูกคอมเมนท์

คอมเมนท์ทรัพยากรรายการนี้
  คอมเมนท์: นรีเวชวิทยาในหญิ..


 Copyright 2026. Bcnsprnw @Library